[Event "ICS rated blitz match"]
[Site "204.178.125.65"]
[Date "1999.09.19"]
[Round "?"]
[White "Hossa"]
[Black "Malalama"]
[Result "0-1"]
[WhiteElo "2548"]
[BlackElo "2358"]
[PlyCount "166"]
[EventDate "1999.??.??"]

1. e4 c5 2. d4 cxd4 3. c3 dxc3 4. Nxc3 Nc6 5. Bc4 e6 6. Nge2 Ne5 7. Bb3 Bc5 8.
O-O Nf6 9. Bf4 Nc6 10. Bd6 Bxd6 11. Qxd6 Qe7 12. Qxe7+ Nxe7 13. Rfd1 O-O 14.
Rac1 Rd8 15. e5 Ng4 16. f4 b6 17. a3 Nf5 18. Ne4 Nge3 19. Rd2 Bb7 20. N2c3 Rac8
21. Re1 a6 22. g3 Rc7 23. Rd3 Bxe4 24. Nxe4 Nc2 25. Red1 Nce3 26. Re1 Nc4 27.
g4 Nh6 28. Rc3 b5 29. h3 Rdc8 30. Rec1 Rc6 31. Bxc4 Rxc4 32. Rxc4 Rxc4 33. Rxc4
bxc4 34. Nc5 f6 35. Nxd7 Kf7 36. Nb6 fxe5 37. fxe5 c3 38. bxc3 Kf8 39. Nc4 Nf7
40. Kg2 Ke7 41. h4 Kd7 42. Kf3 Kc6 43. Ke4 Kc5 44. Ne3 h6 45. a4 a5 46. h5 Ng5+
47. Kf4 Nh3+ 48. Kf3 Ng5+ 49. Ke2 Nf7 50. Kd3 Nxe5+ 51. Kc2 Nc4 52. Ng2 e5 53.
Kb3 Kd5 54. Kc2 Ke4 55. Kb3 Nd2+ 56. Kc2 Nf1 57. Ne1 Ne3+ 58. Kb3 Nxg4 59. Kc4
Nf6 60. Nd3 Nxh5 61. Nc5+ Ke3 62. Nb7 e4 63. Nc5 Kf3 64. Nd7 e3 65. Ne5+ Ke4
66. Nd3 e2 67. Nf2+ Ke3 68. Ng4+ Ke4 69. Nf2+ Kf3 70. Nd3 g5 71. Kd4 Nf4 72.
Ne1+ Kf2 73. Nc2 g4 74. Ke4 g3 75. Kxf4 g2 76. Ke5 g1=Q 77. Kd5 Qd1+ 78. Nd4
e1=Q 79. c4 Qh5+ 80. Kc6 Qg6+ 81. Kd7 Qee8+ 82. Kc7 Qe7+ 83. Kc8 83... Qge8# {
Hossa checkmated} 0-1

[Event "ICS rated blitz match"]
[Site "204.178.125.65"]
[Date "1999.09.20"]
[Round "?"]
[White "Hossa"]
[Black "Malalama"]
[Result "1-0"]
[WhiteElo "2393"]
[BlackElo "2381"]
[PlyCount "163"]
[EventDate "1999.??.??"]

1. e4 e5 2. Nf3 Nc6 3. Bb5 a6 4. Ba4 Nf6 5. O-O Be7 6. Re1 b5 7. Bb3 O-O 8. c3
d5 9. exd5 Nxd5 10. Nxe5 Nxe5 11. Rxe5 c6 12. d4 Bd6 13. Re4 Bf5 14. Bxd5 cxd5
15. Re3 Qh4 16. h3 Rae8 17. Qf1 h6 18. a4 Bd7 19. axb5 Bxb5 20. Qd1 Rxe3 21.
Bxe3 Re8 22. b3 Qe4 23. Ra2 Qe6 24. Na3 Bd7 25. Nc2 Qg6 26. Kh1 Bb5 27. Ra1 Qf5
28. Qd2 Bd3 29. Ne1 Bb5 30. Nf3 Bd3 31. Re1 Re6 32. Nh4 Qe4 33. Kg1 Bc2 34. b4
Bd3 35. Nf3 Qf5 36. Qd1 Re7 37. Nh4 Qe4 38. Kh1 a5 39. bxa5 Bc7 40. Nf3 Re6 41.
Qb3 Bxa5 42. Qa3 Bd8 43. Qa8 Re8 44. Bg5 Qxe1+ 45. Nxe1 Rxe1+ 46. Kh2 hxg5 47.
Qxd8+ Kh7 48. Qxd5 Kg6 49. Qd6+ Re6 50. Qg3 Bf5 51. f4 f6 52. fxg5 fxg5 53. h4
g4 54. c4 Kf6 55. c5 g6 56. Qc7 Re3 57. g3 Re6 58. d5 Re2+ 59. Kg1 Bd3 60. Qd6+
Kf7 61. Qd7+ Re7 62. Qxg4 Bf5 63. Qf3 Ke8 64. d6 Re5 65. c6 Re4 66. Qf2 Bd7 67.
cxd7+ Kxd7 68. Qf7+ Kxd6 69. Qxg6+ Re6 70. Qxe6+ Kxe6 71. g4 Kf6 72. Kg2 Ke5
73. h5 Kf6 74. Kf3 Kg5 75. Ke4 Kf6 76. h6 Kg6 77. g5 Kh7 78. Kf5 Kg8 79. g6 Kf8
80. Ke6 Kg8 81. g7 Kh7 82. Kf7 {Malalama resigns} 1-0

[Event "ICS rated blitz match"]
[Site "204.178.125.65"]
[Date "1999.10.05"]
[Round "?"]
[White "Hossa"]
[Black "Manopesada"]
[Result "1-0"]
[WhiteElo "2437"]
[BlackElo "2151"]
[PlyCount "59"]
[EventDate "1999.??.??"]

1. e4 c5 2. Nf3 e6 3. d4 cxd4 4. Nxd4 Nf6 5. Nc3 d6 6. g4 Be7 7. Bb5+ Bd7 8.
O-O Bxb5 9. Ndxb5 a6 10. Nd4 Nc6 11. g5 Nd7 12. Be3 O-O 13. f4 Qc7 14. Qf3 Rac8
15. Rad1 b5 16. Nxc6 Qxc6 17. Rd4 a5 18. a3 Nb6 19. f5 b4 20. f6 Bd8 21. fxg7
Kxg7 22. axb4 axb4 23. Rxb4 Nc4 24. Nb5 Nxe3 25. Nd4 Qc5 26. Nxe6+ Kg8 27. Nxc5
Nxf1 28. Nd7 Nd2 29. Qd3 Ba5 30. Ra4 {Manopesada resigns} 1-0

[Event "ICS rated blitz match"]
[Site "204.178.125.65"]
[Date "1999.10.09"]
[Round "?"]
[White "Hossa"]
[Black "Manopesada"]
[Result "1-0"]
[WhiteElo "2401"]
[BlackElo "2263"]
[PlyCount "89"]
[EventDate "1999.??.??"]

1. c4 Nf6 2. Nc3 g6 3. d4 Bg7 4. e4 d6 5. Nf3 O-O 6. Be2 e5 7. Bg5 Nbd7 8. O-O
h6 9. Bh4 c6 10. Qd2 Qe7 11. Rad1 g5 12. Bg3 Nh5 13. d5 c5 14. Ne1 Nf4 15. Bxf4
exf4 16. Bd3 Ne5 17. Qe2 a6 18. a3 Bd7 19. Bb1 Rab8 20. Rc1 b5 21. cxb5 axb5
22. Nd3 b4 23. axb4 Nxd3 24. Qxd3 cxb4 25. e5 Rfe8 26. exd6 Qxd6 27. Nd1 f5 28.
Ba2 Kh8 29. Bc4 Re7 30. Ra1 Rbe8 31. Ra2 Re1 32. Ra7 Bc8 33. Bb5 R8e4 34. Ra8
Qc5 35. Bd7 Rxf1+ 36. Kxf1 Rd4 37. Qb1 Qc4+ 38. Ke1 Re4+ 39. Ne3 fxe3 40. Rxc8+
Qxc8 41. Bxc8 exf2+ 42. Kxf2 Bd4+ 43. Kf1 Rf4+ 44. Ke1 Rf2 45. Qd3 {
Manopesada resigns} 1-0

[Event "ICS rated blitz match"]
[Site "204.178.125.65"]
[Date "1999.09.01"]
[Round "?"]
[White "Hossa"]
[Black "MarkOrr"]
[Result "1-0"]
[WhiteElo "2508"]
[BlackElo "2073"]
[PlyCount "81"]
[EventDate "1999.??.??"]

1. e4 e6 2. d4 d5 3. Nc3 Nf6 4. e5 Nfd7 5. f4 c5 6. Nf3 Nc6 7. Bb5 Nxd4 8. Nxd4
cxd4 9. Qxd4 a6 10. Bxd7+ Bxd7 11. O-O Rc8 12. Be3 Bc5 13. Qd3 Qb6 14. Bxc5
Qxc5+ 15. Rf2 O-O 16. a3 Bb5 17. Nxb5 axb5 18. c3 Qc4 19. Rd1 Qxd3 20. Rxd3 Rc4
21. g4 Rfc8 22. g5 Kf8 23. h4 h5 24. Kg2 g6 25. Kg3 Ke7 26. Rfd2 Kd7 27. Rd1
R8c6 28. Re3 Kc7 29. Rd2 Kb6 30. Red3 Rc8 31. Rd4 Ka5 32. Rd1 Ka4 33. R4d3 Kb3
34. R1d2 Re4 35. c4+ Ka4 36. cxd5 exd5 37. Rxd5 Rcc4 38. R5d3 Ka5 39. b3 Rc7
40. Rf3 b4 41. a4 {MarkOrr resigns} 1-0

[Event "ICS rated blitz match"]
[Site "204.178.125.65"]
[Date "1999.08.29"]
[Round "?"]
[White "Hossa"]
[Black "Maroczy"]
[Result "1-0"]
[WhiteElo "2459"]
[BlackElo "2334"]
[PlyCount "44"]
[EventDate "1999.??.??"]

1. e4 c5 2. Nf3 d6 3. Bb5+ Nc6 4. d4 cxd4 5. Nxd4 Bd7 6. O-O g6 7. Bg5 Bg7 8.
Bxc6 Bxc6 9. Nc3 Nf6 10. Nxc6 bxc6 11. Qd2 O-O 12. Bh6 Qb6 13. Rab1 Rfe8 14.
Bxg7 Kxg7 15. Rfd1 Rad8 16. Qg5 h6 17. Qf4 e5 18. Qf3 Qc5 19. Rd2 d5 20. exd5
cxd5 21. Rbd1 d4 22. Qxf6+ 22... Kg8 {Maroczy resigns} 1-0

[Event "ICS rated blitz match"]
[Site "204.178.125.65"]
[Date "1999.10.16"]
[Round "?"]
[White "Hossa"]
[Black "MaroonBell"]
[Result "0-1"]
[WhiteElo "2516"]
[BlackElo "2820"]
[PlyCount "91"]
[EventDate "1999.??.??"]

1. e4 e5 2. Nf3 d6 3. d4 exd4 4. Nxd4 g6 5. Nc3 Bg7 6. Be2 Nf6 7. O-O O-O 8.
Bg5 Bd7 9. Nd5 Re8 10. Bd3 h6 11. Nxf6+ Bxf6 12. Bxf6 Qxf6 13. c3 Nc6 14. Qd2
Nxd4 15. cxd4 Qxd4 16. Rad1 Rac8 17. Qxh6 Qxb2 18. Rb1 Qd4 19. Bc2 Bc6 20. Rfd1
Qc4 21. Rb2 Bxe4 22. Bb3 Qc3 23. Rbd2 Qf6 24. Ba4 Re5 25. Rd4 d5 26. Bd7 Rd8
27. Bh3 c5 28. R4d2 c4 29. Rd4 Bc2 30. Rc1 Rde8 31. Rf1 Re1 32. Qd2 R8e2 33.
Qf4 Rxf1+ 34. Kxf1 Qxf4 35. Rxf4 Bd3 36. g3 Re4+ 37. Kg2 Rxf4 38. gxf4 c3 39.
Bc8 c2 40. Bxb7 c1=Q 41. Kg3 Be4 42. f3 Qg1+ 43. Kh4 Bxf3 44. Bc8 g5+ 45. fxg5
Qxh2+ 46. Bh3 {Hossa resigns} 0-1

[Event "ICS rated blitz match"]
[Site "204.178.125.65"]
[Date "1999.10.16"]
[Round "?"]
[White "Hossa"]
[Black "MaroonBell"]
[Result "0-1"]
[WhiteElo "2551"]
[BlackElo "2830"]
[PlyCount "134"]
[EventDate "1999.??.??"]

1. e4 d5 2. exd5 Qxd5 3. Nc3 Qa5 4. d4 Nf6 5. Nf3 Bf5 6. Bd2 c6 7. Bc4 b5 8.
Nxb5 Qb6 9. Nc3 Qxb2 10. Ne5 e6 11. Bd3 Bxd3 12. Nxd3 Qb6 13. Ne2 Bd6 14. Rb1
Qc7 15. Bb4 Bxb4+ 16. Nxb4 O-O 17. O-O Nbd7 18. c4 c5 19. Na6 Qc6 20. Nxc5 Nxc5
21. dxc5 Qxc5 22. Qd4 Qa5 23. Qb2 Rad8 24. Rfd1 Qc5 25. Qc2 Ng4 26. Rf1 Ne3 27.
fxe3 Qxe3+ 28. Rf2 Rd2 29. Qc3 Rxe2 30. Qxe3 Rxe3 31. Rc2 Rd3 32. Rb7 a5 33.
Ra7 Rfd8 34. Rxa5 Kf8 35. Kf2 Rd2+ 36. Rxd2 Rxd2+ 37. Kf3 Rc2 38. c5 Ke7 39. h4
Rc3+ 40. Kf4 f6 41. Ra7+ Kf8 42. Ra5 Kf7 43. h5 e5+ 44. Kf5 g6+ 45. Ke4 Rc4+
46. Kd3 Rg4 47. Ra7+ Ke6 48. Rxh7 gxh5 49. Rxh5 Rxg2 50. a4 Kd5 51. Rh6 Rf2 52.
c6 e4+ 53. Kc3 Rf3+ 54. Kb4 Kxc6 55. Rh5 e3 56. Rh8 Rf4+ 57. Kb3 Re4 58. Rf8 e2
59. Rc8+ Kd5 60. Rc1 e1=Q 61. Rxe1 Rxe1 62. Kb2 Kc4 63. Ka2 Kc3 64. a5 Re5 65.
a6 Ra5+ 66. Kb1 Rxa6 67. Kc1 67... Ra1# {Hossa checkmated} 0-1

[Event "ICS rated blitz match"]
[Site "204.178.125.65"]
[Date "1999.10.17"]
[Round "?"]
[White "Hossa"]
[Black "MaroonBell"]
[Result "1-0"]
[WhiteElo "2532"]
[BlackElo "2842"]
[PlyCount "179"]
[EventDate "1999.??.??"]

1. c4 Nf6 2. g3 g6 3. Bg2 Bg7 4. Nc3 O-O 5. d4 d6 6. Nf3 Nc6 7. Bg5 h6 8. Bxf6
exf6 9. O-O Re8 10. e3 Bg4 11. Nd5 Qd7 12. b4 a5 13. a3 axb4 14. axb4 Rxa1 15.
Qxa1 Nd8 16. Nd2 c6 17. Nb6 Qc7 18. Qa5 Be2 19. Ra1 Ne6 20. Qa7 Bd3 21. d5 Nd8
22. dxc6 Nxc6 23. Nd5 Qd7 24. Qb6 f5 25. Ra3 Ne5 26. Ra7 Rb8 27. Bf1 Bc2 28.
Be2 Nc6 29. Ra2 Be4 30. Nxe4 fxe4 31. Bf1 Kh8 32. Qb5 Kg8 33. Bg2 Qg4 34. Rd2
Qe6 35. Qb6 Ne5 36. Qc7 Re8 37. Bxe4 Nxc4 38. Qxc4 Qxe4 39. Qxe4 Rxe4 40. Ra2
Re5 41. Ra8+ Kh7 42. Ra5 Rh5 43. f4 g5 44. Kg2 Kh8 45. e4 gxf4 46. gxf4 Bd4 47.
Ra8+ Kg7 48. Rd8 f5 49. Rd7+ Kf8 50. exf5 Rxf5 51. Rxd6 b5 52. Kf3 Rh5 53. Kg3
Bg7 54. h4 Re5 55. Kh3 Re4 56. Rb6 Kf7 57. Kg4 Rd4 58. Rb7+ Ke6 59. Nc7+ Ke7
60. Nxb5+ Rd7 61. Rxd7+ Kxd7 62. Na3 Kc6 63. Kh5 Bf8 64. Nc2 Kd5 65. f5 Ke4 66.
Kg6 Kd3 67. Na3 Bxb4 68. Nb5 Bf8 69. f6 Ke4 70. f7 Ke5 71. Nc7 Kd6 72. Ne8+ Ke6
73. Nf6 Ke7 74. Ng8+ Ke6 75. h5 Ba3 76. Nxh6 Ke7 77. Kg7 Bb2+ 78. Kg8 Ke6 79.
f8=Q Kd5 80. Qf7+ Ke4 81. Qb7+ Ke3 82. Qxb2 Kf3 83. Qe2+ Kf4 84. Nf5 Kg5 85.
Qe3+ Kg4 86. Kh7 Kxf5 87. Kg7 Kg4 88. Kf6 Kh4 89. Kf5 Kxh5 90. Qh3# {
MaroonBell checkmated} 1-0

[Event "ICS rated blitz match"]
[Site "204.178.125.65"]
[Date "1999.10.13"]
[Round "?"]
[White "Hossa"]
[Black "MaroonBell"]
[Result "0-1"]
[WhiteElo "2396"]
[BlackElo "2812"]
[PlyCount "113"]
[EventDate "1999.??.??"]

1. d4 Nf6 2. c4 g6 3. Nc3 Bg7 4. e4 d6 5. f3 O-O 6. Be3 e5 7. d5 Nh5 8. g4 Nf4
9. Nge2 Qh4+ 10. Bf2 Qe7 11. Nxf4 exf4 12. Bg2 Nd7 13. Rc1 Ne5 14. b3 f5 15.
gxf5 Bxf5 16. O-O Bc8 17. Nb5 b6 18. Bd4 a6 19. Na3 Bd7 20. Nc2 h6 21. Kh1 b5
22. Rg1 bxc4 23. bxc4 Nxc4 24. Bf1 Ne5 25. Bxe5 Qxe5 26. Rxg6 Rfb8 27. Ne1 Qe8
28. Rg2 Rb7 29. Qd2 Qf7 30. Qa5 Be8 31. Rg4 h5 32. Rg1 Kh7 33. Nc2 Bb2 34. Rd1
Qf6 35. Rb1 Bc3 36. Nb4 h4 37. a3 Qe5 38. Rg4 Bh5 39. Rxh4 Qg5 40. Rc1 Qxh4 41.
Bg2 Qf2 42. Rf1 Qe2 43. Qa4 c5 44. Qc2 Qxc2 45. Nxc2 Rb2 46. Rf2 Bd4 47. Re2
Rb1+ 48. Re1 Rxe1+ 49. Nxe1 Rb8 50. h4 Rb1 51. Kh2 Rxe1 52. a4 c4 53. e5 c3 54.
exd6 c2 55. d7 c1=Q 56. Bf1 Re2+ 57. Bxe2 {Hossa resigns} 0-1

[Event "ICS rated blitz match"]
[Site "204.178.125.65"]
[Date "1999.10.17"]
[Round "?"]
[White "Hossa"]
[Black "MaroonBell"]
[Result "0-1"]
[WhiteElo "2541"]
[BlackElo "2840"]
[PlyCount "106"]
[EventDate "1999.??.??"]

1. d4 Nf6 2. c4 g6 3. Nc3 Bg7 4. e4 d6 5. Nf3 O-O 6. Be2 e5 7. O-O Nc6 8. d5
Ne7 9. Ne1 Nd7 10. Nd3 f5 11. Bd2 Nf6 12. f3 f4 13. Rc1 g5 14. c5 Ng6 15. cxd6
cxd6 16. Qe1 g4 17. fxg4 Nxg4 18. Nd1 Qb6+ 19. Kh1 Qd4 20. Rxc8 Raxc8 21. Bxg4
Qxd3 22. Be6+ Kh8 23. Bxc8 Rxc8 24. Nc3 Kg8 25. Rf3 Qd4 26. Bc1 Nh4 27. Rf2 Ng6
28. Bd2 Rc5 29. Rf1 Bh6 30. Bc1 Bg5 31. Qe2 Qc4 32. Qf3 Nh4 33. Qd1 Ng6 34. a4
a6 35. Rg1 b5 36. Qg4 Be7 37. axb5 axb5 38. Qd1 b4 39. Na4 Rc7 40. Re1 Qa2 41.
Bd2 b3 42. Qa1 Rc2 43. Qxa2 bxa2 44. Ba5 Nh4 45. Ra1 f3 46. g3 Bg5 47. Rf1 Rc1
48. Rxc1 Bxc1 49. Be1 a1=Q 50. Nc3 f2 51. Bxf2 Be3+ 52. Nb1 Qxb1+ 53. Bg1 53...
Qxg1# {Hossa checkmated} 0-1

[Event "ICS rated blitz match"]
[Site "204.178.125.65"]
[Date "1999.09.03"]
[Round "?"]
[White "Hossa"]
[Black "MarxBrothers"]
[Result "1/2-1/2"]
[WhiteElo "2557"]
[BlackElo "2263"]
[PlyCount "61"]
[EventDate "1999.??.??"]

1. e4 g6 2. d4 Bg7 3. Bc4 d6 4. Ne2 e6 5. O-O Ne7 6. c3 b6 7. Bg5 h6 8. Bxe7
Qxe7 9. Nd2 Nd7 10. Qa4 a6 11. Qc6 Ra7 12. Nf3 O-O 13. Bd3 Bb7 14. Qc4 Rc8 15.
Qa4 c5 16. Rae1 b5 17. Qa3 c4 18. Bc2 Bf8 19. Bb1 e5 20. Rd1 Bc6 21. Rfe1 Qe8
22. Qa5 Be7 23. a4 Bd8 24. Qb4 Be7 25. dxe5 dxe5 26. Qa5 Bd8 27. Qb4 Be7 28.
Qa5 Bd8 29. Qb4 Be7 30. Qa5 Bd8 31. Qb4 {Game drawn by repetition} 1/2-1/2

[Event "ICS rated blitz match"]
[Site "204.178.125.65"]
[Date "1999.09.05"]
[Round "?"]
[White "Hossa"]
[Black "Masochist"]
[Result "1-0"]
[WhiteElo "2456"]
[BlackElo "2259"]
[PlyCount "48"]
[EventDate "1999.??.??"]

1. e4 c5 2. Ne2 Nc6 3. Nbc3 e5 4. Ng3 d6 5. Bb5 Bd7 6. O-O g5 7. d3 Be7 8. Nd5
a6 9. Bxc6 bxc6 10. Nxe7 Qxe7 11. Bd2 h5 12. b4 h4 13. Ne2 cxb4 14. Bxb4 c5 15.
Ba5 g4 16. Nc3 Nf6 17. f4 gxf3 18. Qxf3 Rh6 19. Qe3 Rg6 20. Kh1 Ng4 21. Qe2 Qg5
22. Nd5 Rc8 23. h3 Nf6 24. Qf2 24... c4 {Masochist resigns} 1-0

[Event "ICS rated blitz match"]
[Site "204.178.125.65"]
[Date "1999.09.16"]
[Round "?"]
[White "Hossa"]
[Black "MateGoD"]
[Result "0-1"]
[WhiteElo "2431"]
[BlackElo "2419"]
[PlyCount "113"]
[EventDate "1999.??.??"]

1. d4 e6 2. e4 d5 3. Nd2 dxe4 4. Nxe4 Nd7 5. Bd3 Ngf6 6. Nxf6+ Nxf6 7. c3 Qd5
8. Nf3 Bd6 9. O-O Qh5 10. Re1 O-O 11. Bd2 Rd8 12. Ne5 Qh4 13. g3 Qh5 14. Qxh5
Nxh5 15. Rad1 Nf6 16. Bg5 Be7 17. Re2 Nd5 18. Bxe7 Nxe7 19. f4 Rb8 20. Be4 f6
21. Nf3 Rd6 22. Rde1 Bd7 23. h4 Bb5 24. Re3 Bd7 25. g4 h5 26. gxh5 f5 27. Bd3
Nd5 28. Ne5 Nxe3 29. Rxe3 Be8 30. Be2 Kf8 31. Bf3 Ke7 32. Kf2 c6 33. Nc4 Rdd8
34. Re1 Rbc8 35. b4 Kf6 36. Ne5 Ra8 37. a3 a5 38. Re3 axb4 39. axb4 Bf7 40. Be2
Ra2 41. Ke1 Rb2 42. Rg3 Ra8 43. Nd7+ Ke7 44. Rxg7 Ra1+ 45. Kf2 Raa2 46. Ne5
Rxe2+ 47. Kf1 Rec2 48. Nd3 Rxc3 49. Ne1 Rc4 50. Rg2 Rxg2 51. Nxg2 Bxh5 52. b5
cxb5 53. Ke1 Rc2 54. Kf1 Rxg2 55. Kxg2 b4 56. d5 b3 57. Kg3 {Hossa resigns} 0-1

[Event "ICS rated blitz match"]
[Site "204.178.125.65"]
[Date "1999.10.08"]
[Round "?"]
[White "Hossa"]
[Black "MateGoD"]
[Result "0-1"]
[WhiteElo "2516"]
[BlackElo "2532"]
[PlyCount "66"]
[EventDate "1999.??.??"]

1. e4 e5 2. Nf3 Nf6 3. d4 Nxe4 4. Bd3 d5 5. Nxe5 Nd7 6. Nxd7 Bxd7 7. O-O Qh4 8.
Nc3 Nxc3 9. bxc3 O-O-O 10. Re1 Bd6 11. g3 Qg4 12. Be2 Qg6 13. Bf3 c6 14. Bh5
Qf5 15. Be3 Rhe8 16. Rb1 Kb8 17. Rb2 Re7 18. g4 Qf6 19. g5 Qe6 20. f4 Rde8 21.
c4 Qh3 22. Bd2 Rxe1+ 23. Bxe1 Bxf4 24. c3 g6 25. cxd5 gxh5 26. dxc6 Bxc6 27.
Bg3 Bxg3 28. d5 Bxd5 29. a4 Qg4 30. Qf1 Bd6+ 31. Rg2 Bc5+ 32. Kh1 Qxg2+ 33.
Qxg2 33... Re1# {Hossa checkmated} 0-1

[Event "ICS rated blitz match"]
[Site "204.178.125.65"]
[Date "1999.10.10"]
[Round "?"]
[White "Hossa"]
[Black "MateGoD"]
[Result "0-1"]
[WhiteElo "2439"]
[BlackElo "2593"]
[PlyCount "129"]
[EventDate "1999.??.??"]

1. d4 d5 2. Nf3 Nf6 3. c4 e6 4. Nc3 c6 5. e3 Nbd7 6. Bd3 dxc4 7. Bxc4 b5 8. Bd3
a6 9. O-O c5 10. Bd2 Be7 11. a4 b4 12. Ne4 Bb7 13. Nxf6+ Nxf6 14. Be2 O-O 15.
Rc1 Ne4 16. Be1 Qd5 17. Bc4 Qf5 18. Qb3 Ng5 19. Nd2 Rfd8 20. Bd3 Nh3+ 21. Kh1
Qh5 22. Be4 c4 23. Rxc4 Bd5 24. Bf3 Qf5 25. e4 Bxc4 26. exf5 Bxb3 27. Nxb3 Nf4
28. Bxa8 Rxa8 29. fxe6 fxe6 30. Nc5 Bxc5 31. dxc5 Nd3 32. b3 Rc8 33. f3 Rxc5
34. Bh4 Rc2 35. Rb1 Kf7 36. Bg5 h6 37. Be3 Re2 38. Bg1 Ne1 39. Bd4 Nxg2 40. Rg1
e5 41. Bxe5 Ne1 42. Bg3 Nc2 43. Bd6 g5 44. f4 Ke6 45. Bb8 Kf5 46. fxg5 hxg5 47.
Ba7 g4 48. Rf1+ Ke5 49. Rf2 Rxf2 50. Bxf2 Na1 51. Bc5 a5 52. Kg2 Nxb3 53. Bb6
Kd5 54. Be3 Nc5 55. h4 gxh3+ 56. Kh2 b3 57. Bc1 Nxa4 58. Kh1 b2 59. Bxb2 Nxb2
60. Kh2 Nd3 61. Kg3 h2 62. Kg4 h1=Q 63. Kf5 Qh5+ 64. Kf6 Ne5 65. Ke7 {
Hossa resigns} 0-1

[Event "ICS rated blitz match"]
[Site "204.178.125.65"]
[Date "1999.10.17"]
[Round "?"]
[White "Hossa"]
[Black "Mazoetan"]
[Result "1-0"]
[WhiteElo "2528"]
[BlackElo "2254"]
[PlyCount "68"]
[EventDate "1999.??.??"]

1. d4 Nf6 2. Nf3 g6 3. c4 Bg7 4. Nc3 O-O 5. e4 d6 6. Be2 e5 7. O-O Nc6 8. d5
Ne7 9. Bg5 h6 10. Bh4 Nh7 11. Ne1 Bf6 12. Bxf6 Nxf6 13. f4 exf4 14. Rxf4 Nd7
15. Qd2 Ne5 16. Rf2 Kg7 17. Qd4 Ng8 18. Nd3 f6 19. Raf1 Qe7 20. Nb5 a6 21. Nc3
Bd7 22. c5 Nxd3 23. cxd6 cxd6 24. Bxd3 Qe5 25. Qb6 Rab8 26. Qc7 Rfd8 27. Na4
Qe7 28. Nb6 Be8 29. Qxe7+ Nxe7 30. Rxf6 g5 31. Nc4 Ng6 32. Rxd6 b5 33. Ne3 Ne5
34. Nf5+ 34... Kh7 {Mazoetan resigns} 1-0

[Event "ICS rated blitz match"]
[Site "204.178.125.65"]
[Date "1999.10.17"]
[Round "?"]
[White "Hossa"]
[Black "Mazoetan"]
[Result "1-0"]
[WhiteElo "2538"]
[BlackElo "2244"]
[PlyCount "95"]
[EventDate "1999.??.??"]

1. d4 Nf6 2. Nf3 e6 3. c4 b6 4. e3 Bb7 5. Bd3 d6 6. O-O Nbd7 7. Nc3 Be7 8. e4
e5 9. d5 O-O 10. Be3 a5 11. Qb3 Bc8 12. Qc2 Re8 13. Qe2 Bf8 14. Bc2 Nc5 15. a3
a4 16. Bxc5 bxc5 17. Bxa4 Bd7 18. Bb5 Nh5 19. a4 Nf4 20. Qe3 g6 21. Ne2 Bh6 22.
Nxf4 Bxf4 23. Qb3 Rf8 24. Bxd7 Qxd7 25. Qb5 Qg4 26. Qc6 f5 27. h3 Qh5 28. exf5
e4 29. Nh2 Bxh2+ 30. Kxh2 g5 31. Qxc7 Rad8 32. Qe7 g4 33. f6 Qg6 34. hxg4 Rde8
35. Qxd6 Rxf6 36. Qxc5 Qxg4 37. Qe3 Qf5 38. b4 Rg6 39. Rfe1 Qe5+ 40. Kg1 Qg7
41. Qh3 Rf8 42. Ra2 h6 43. Rxe4 Kh7 44. Re6 Rg5 45. Rae2 Rg8 46. Re7 Qxe7 47.
Rxe7+ R8g7 48. Rxg7+ {Mazoetan resigns} 1-0

[Event "ICS rated blitz match"]
[Site "204.178.125.65"]
[Date "1999.10.17"]
[Round "?"]
[White "Hossa"]
[Black "Mazoetan"]
[Result "1-0"]
[WhiteElo "2516"]
[BlackElo "2266"]
[PlyCount "79"]
[EventDate "1999.??.??"]

1. d4 Nf6 2. Nf3 g6 3. c4 Bg7 4. Nc3 O-O 5. e4 d6 6. Be2 e5 7. O-O Nc6 8. d5
Ne7 9. Bg5 Nd7 10. Qd2 b6 11. Bh6 a6 12. Bd3 Nf6 13. Bxg7 Kxg7 14. Qg5 Nh5 15.
Rfe1 h6 16. Qe3 Ng8 17. a4 a5 18. Nd2 f5 19. exf5 gxf5 20. Ne2 e4 21. Bc2 Qf6
22. Rab1 Bd7 23. f3 Rae8 24. fxe4 f4 25. Qd3 Bg4 26. e5 Qf5 27. Qxf5 Bxf5 28.
Bxf5 Rxf5 29. e6 Ne7 30. Nf3 Ref8 31. Rf1 Nf6 32. Nfd4 Re5 33. Rxf4 Ng6 34. Rf2
Ne4 35. Rxf8 Kxf8 36. Rf1+ Ke8 37. Nc6 Rg5 38. Rf7 Ne5 39. Rxc7 Nxc4 40. Rc8# {
Mazoetan checkmated} 1-0

[Event "ICS rated blitz match"]
[Site "204.178.125.65"]
[Date "1999.10.17"]
[Round "?"]
[White "Hossa"]
[Black "Mazoetan"]
[Result "1-0"]
[WhiteElo "2524"]
[BlackElo "2297"]
[PlyCount "55"]
[EventDate "1999.??.??"]

1. d4 Nf6 2. Nf3 g6 3. c4 Bg7 4. Nc3 O-O 5. e4 d6 6. Be2 e5 7. O-O exd4 8. Nxd4
Re8 9. f3 Nc6 10. Be3 Nh5 11. Nxc6 bxc6 12. Qd2 Rb8 13. Bxa7 Rb7 14. Be3 f5 15.
Bh6 Bxh6 16. Qxh6 Rxb2 17. Rab1 Rxb1 18. Rxb1 f4 19. Nd1 Qf6 20. a4 Qd4+ 21.
Nf2 Qc5 22. Bd3 Be6 23. Rb7 Bxc4 24. Rxc7 Bf7 25. Bf1 Rb8 26. h4 Ng3 27. Qxf4
Nxf1 28. Qxf7+ {Mazoetan resigns} 1-0

[Event "ICS rated blitz match"]
[Site "204.178.125.65"]
[Date "1999.09.27"]
[Round "?"]
[White "Hossa"]
[Black "Mig"]
[Result "0-1"]
[WhiteElo "2493"]
[BlackElo "2460"]
[PlyCount "87"]
[EventDate "1999.??.??"]

1. d4 Nf6 2. c4 g6 3. Nc3 Bg7 4. e4 d6 5. Be2 O-O 6. Bg5 h6 7. Bh4 g5 8. Bg3
Nbd7 9. Nf3 c6 10. O-O Nh5 11. Qd3 Nxg3 12. fxg3 e5 13. dxe5 Qb6+ 14. Kh1 Nxe5
15. Qxd6 Qxb2 16. Nxe5 Qxc3 17. Nd7 Rd8 18. Nf6+ Bxf6 19. Qxf6 Qxf6 20. Rxf6
Rd2 21. Bf1 Be6 22. e5 Rad8 23. a4 R8d4 24. Rxh6 Rd1 25. Rxd1 Rxd1 26. Rf6 Bxc4
27. Kg1 b5 28. axb5 cxb5 29. h4 a5 30. h5 a4 31. e6 fxe6 32. Rg6+ Kh7 33. Rxg5
Rxf1+ 34. Kh2 a3 35. Rc5 a2 36. Rc7+ Kh6 37. Ra7 a1=Q 38. Rxa1 Rxa1 39. g4 b4
40. Kg3 Kg5 41. h6 Ra3+ 42. Kf2 Kxh6 43. Kg1 b3 44. g5+ {Hossa resigns} 0-1

[Event "ICS rated blitz match"]
[Site "204.178.125.65"]
[Date "1999.08.29"]
[Round "?"]
[White "Hossa"]
[Black "Mig"]
[Result "1-0"]
[WhiteElo "2462"]
[BlackElo "2485"]
[PlyCount "55"]
[EventDate "1999.??.??"]

1. e4 c5 2. Nc3 e5 3. Bc4 d6 4. Nge2 Nf6 5. f4 Nc6 6. O-O Be7 7. Bb5 Bd7 8.
fxe5 Nxe5 9. d3 Qc7 10. Bxd7+ Qxd7 11. Rf5 O-O-O 12. b3 h5 13. a4 Nfg4 14. h3
Nf6 15. Bb2 Rdg8 16. Nb5 a6 17. Nxd6+ Bxd6 18. Bxe5 Bxe5 19. Rxe5 g5 20. Rxc5+
Kb8 21. Qf1 Rg6 22. Rxg5 Rhg8 23. Rxg6 Rxg6 24. Qf3 h4 25. Qf4+ Ka8 26. Qxh4
Qd6 27. Rf1 Qe6 28. Rf5 {Mig resigns} 1-0